Compléter les paroles. #1 - Statistiques

Statistiques générales
  • Ce quiz a été pris 4 902 fois
  • Le résultat moyen est 7 sur 15
Statistiques - réponses
Questions Réponses % Correct
Tiens bon la vague et tiens bon le vent, Hissez haut ! ___ Santiano
89%
Toi, toi, ma belle ____, aussi belle que jalouse, quand tu danses le temps s'arrête, je perds le nord, je perds la tête. Andalouse
87%
Quand il me prend dans ses bras, il me parle tout bas, je vois _ __ _ __ La vie en rose
85%
Qu'__ _'___, et qu'on s'empoisonne, avec une flèche, qui nous illusionnes On s'attache
84%
Je veux juste une ___ ___, avant l'ombre et l'indifférence, un vertige puis le silence Dernière danse
71%
J´irai chercher ton âme dans les froids dans les flammes, je te jetterai des sorts __ _ _ _ __ ___ Pour que tu m'aimes encore
63%
J'ai accepté par erreur __ ____, j'ai dû m'gourer dans l'heure j'ai dû m'planter dans la saison. Ton invitation
59%
____ __ __, même si tu parles mal des filles je sais qu'au fond t'as compris Balance ton quoi
56%
Au dessus des vieux volcans, glissent des ailes sous les tapis du vent, ___ ___ Voyage voyage
51%
J'aimerais quand même te dire, tout ce que j'ai pu écrire, je l'ai puisé à _' ___ __ __ ___ L'encre de tes yeux
36%
__ ___, mon futur à présent, mon chemin face au vent, pour vivre à tous les temps. Tu seras
19%
___, tu brûles mon esprit, ton amour étrangle ma vie Gabrielle
17%
Oh belle, __ __, on partira, toi et moi, où ?, je sais pas On ira
13%
On me jette de la terre, on dépose quelques fleurs. Seul sous son saule pleureur : ___ ___. Solaar pleure
5%
C’est nous __ _____, on s’est planté décidément, c’est écrit dans les magazines, à l’encre débile, à l'encre débile. Les imbéciles
4%
Aucun quiz correspondant
Distribution des résultats
% des personnes avec chaque résultat
Percentile par nombre de réponses
Votre historique - résultats
Vous n’avez pas pris ce quiz